000 01147ngm a22003850a 4500
001 PT16685
003 AR-LpoUNG
005 20210202000224.0
007 vd cvaizq
008 191001ss. f||||ag |||||||||||||||||spa d
037 _c$8.30
040 _aAR-LpoUNG
_bspa
_cAR-LpoUNG
_eaacr
041 _aspa
044 _aag
082 0 _a980.033 657via
100 1 _aSolanas, Fernando E.
_edir.
245 1 3 _aEl viaje :
_bla aventura de ser joven
260 _aBuenos Aires :
_bTHV,
_cs. f..
300 _aVHS (142 min.) : son., col.
505 0 _aFotografía: Félix Monti.
520 _aMartín vive en Tierra del Fuego con su madre y con su padrasto. Desde allí emprende un viaje por Latinoamérica en busca de su padre. En el largo trayecto descubre las carencias y los sueños de todo un continente.
650 4 _aAMERICA LATINA
650 4 _aCORRUPCION
650 4 _aCULTURA
650 4 _aHAMBRE
650 4 _aPOBREZA
650 4 _aPOLITICA
650 4 _aPROBLEMAS SOCIALES
650 4 _aSOCIEDAD
653 _aCINE ARGENTINO
653 _aSOLANAS, PINO
653 _aVIDEOS
905 _a16685
942 _cVIDEO
999 _c54378
_d54378